Library Logo

বাঙালী জাতীয়তাবাদের স্বরূপ সন্ধানে / (Record no. 44988)

000 -LEADER
fixed length control field 00732nam a22001937a 4500
003 - CONTROL NUMBER IDENTIFIER
control field BD-DhUL
005 - DATE AND TIME OF LATEST TRANSACTION
control field 20160208093835.0
008 - FIXED-LENGTH DATA ELEMENTS--GENERAL INFORMATION
fixed length control field 160114s1998 b |||| |||| 00| 0 b
020 ## - INTERNATIONAL STANDARD BOOK NUMBER
International Standard Book Number 984592008X
040 ## - CATALOGING SOURCE
Original cataloging agency BD-DhUL
Transcribing agency BD-DhUL
082 ## - DEWEY DECIMAL CLASSIFICATION NUMBER
Classification number 320.5409
Item number MAB
245 00 - TITLE STATEMENT
Title বাঙালী জাতীয়তাবাদের স্বরূপ সন্ধানে /
Statement of responsibility, etc. শামসুজ্জোহা মানিক
260 ## - PUBLICATION, DISTRIBUTION, ETC. (IMPRINT)
Place of publication, distribution, etc. ঢাকা :
Name of publisher, distributor, etc. প্রাচ্যবিদ্যা,
Date of publication, distribution, etc. ১৯৯৮.
300 ## - PHYSICAL DESCRIPTION
Extent ১০৪ পৃ. ;
Dimensions ২২ সেমি.
365 ## - TRADE PRICE
Price type code BDT
Price amount 50
650 #0 - SUBJECT ADDED ENTRY--TOPICAL TERM
Topical term or geographic name as entry element Nationalism
700 1# - ADDED ENTRY--PERSONAL NAME
Personal name মানিক, শামসুজ্জোহা
Relator term সম্পাদক
942 ## - ADDED ENTRY ELEMENTS (KOHA)
Source of classification or shelving scheme
Koha item type Books
Holdings
Price effective from Date last seen Permanent Location Not for loan Date acquired Source of classification or shelving scheme Koha item type Lost status Withdrawn status Copy number Source of acquisition Collection code Damaged status Shelving location Barcode Current Location Full call number
2016-01-142016-01-14Dhaka University LibraryNot For Loan2000-03-11 Books  2PurchasedNon Fiction Liberation War Collection389248Dhaka University Library320.5409 MAB
Last Updated on September 15, 2019
© Dhaka University Library. All Rights Reserved|Staff Login